• 首页
  • 本馆介绍
  • 公告通知
  • 最新文献
  • 馆藏检索
  • 电子资源
  • 读者导购
  • 参考咨询
  • 我的图书馆
  • 登录
  • 详细信息显示
  • 放入我的书架
  • 预约/预借图书
  • 作者相关作品
  • 分类相关作品
  • 丛书相关作品
  • 出版社相关作品

书目信息

  • 表格格式
  • 工作单格式
  • 卡片格式
题名:
内蒙古大兴安岭森林生态系统研究
    
 
作者: 张秋良 , 王立明 主编
分册:  
出版信息: 北京   中国林业出版社  2014
页数: 442页
开本: 29cm
丛书名:
单 册:
中图分类: S718.55
科图分类:
主题词: 森林生态系统--研究报告--内蒙古--大兴安岭地区 , 森林生态系统
电子资源:
ISBN: 978-7-5038-7398-0
000 01013nam0 2200253 450
001 012015000135
005 20150914162829.92
010    @a978-7-5038-7398-0@dCNY80.00
100    @a20140727d2014 em y0chiy50 ea
101 0  @achi@eeng
102    @aCN@b110000
105    @aa z 000yy
106    @ar
200 1  @a内蒙古大兴安岭森林生态系统研究@Anei meng gu da xing an ling sen lin sheng tai xi tong yan jiu@f张秋良,王立明主编
210    @a北京@c中国林业出版社@d2014
215    @a442页@c图,彩照@d29cm
330    @a本书研究了兴安落叶松林区的气候变化、森林水文、森林土壤、森林生长与更新、森林植物多样性、森林土壤温室气体与冻土冻融、森林健康与经营、森林生态控火理论等八个方面,阐述了大兴安岭兴安落叶松林生态系统的结构、功能及其动态变化规律。
606 0  @a森林生态系统@x研究报告@y内蒙古@y大兴安岭地区
606 0  @a森林生态系统
690    @aS718.55@v5
701  0 @a张秋良@Azhang qiu liang@4主编
701  0 @a王立明@Awang li ming@4主编
801  0 @aCN@b碧洲教育@c20150716
905    @a10447@f3@dS718.55@e69
    
    内蒙古大兴安岭森林生态系统研究/张秋良,王立明主编.-北京:中国林业出版社,2014
    442页:图,彩照;29cm
    
    
    ISBN 978-7-5038-7398-0:CNY80.00
    本书研究了兴安落叶松林区的气候变化、森林水文、森林土壤、森林生长与更新、森林植物多样性、森林土壤温室气体与冻土冻融、森林健康与经营、森林生态控火理论等八个方面,阐述了大兴安岭兴安落叶松林生态系统的结构、功能及其动态变化规律。
●
相关链接 在E读中查询图书 在五车中查询图书 在当当中查询图书 在豆瓣中查询图书


正题名:内蒙古大兴安岭森林生态系统研究     索取号:S718.55/69         预约/预借

序号 登录号 条形码 馆藏地/架位号 状态 备注
1 0870488   208704883   第二样本阅览室/ [索取号:S718.55/69] 在馆    
2 0870489   208704892   第三借阅区/ [索取号:S718.55/69] 在馆    
3 0870490   208704909   第三借阅区/ [索取号:S718.55/69] 在馆    
唐山师范学院图书馆 欢迎您!
大连网信软件有限公司© 版权所有